Words That aren't really Brainrot - Statistics

General Stats
  • This quiz has been taken 15 times
  • The average score is 7 of 10
Answer Stats
Hint Answer % Correct
1st letter of the Greek alphabet Alpha
92%
2nd letter of the Greek alphabet Beta
92%
The state whose capital city is Columbus Ohio
92%
The past of eat Ate
85%
It is the past and past participle of Light. Lit
77%
17th letter of the Greek alphabet Sigma
77%
A small drop of a liquid Drip
69%
A kind of soft, flat hat, typically with a visor Cap
46%
To kill a person or animal in a violent way. Slay
38%
(To a limb or joint) Bend or become bent Flex
31%
No matching quizzes found
Score Distribution
Percent of People with Each Score
Percentile by Number Answered
Your Score History
You have not taken this quiz